MARC

LEADER 00000nam0a2200000 4500
001 298790
005 20231102001135.0
020 |a RU  |b 83-13и 
035 |a (RuTPU)RU\TPU\book\323939 
090 |a 298790 
100 |a 20150622d1982 km y0rusy5003 ca 
101 0 |a rus 
102 |a RU 
105 |a a z 001zy 
200 1 |a Мы строим коммунизм. Живопись. Скульптура. Графика. Плакат. Декорационное искусство театра и кино. Декоративно-прикладное искусство.  |e альбом  |f Л. В. Андреева [и др.] 
210 |a Москва  |c Советский художник  |d 1982 
215 |a 351 с.  |c ил., цв. ил. 
225 1 |a Всесоюзные художественные выставки 
320 |a Библиогр.: с. 330-341 
606 1 |a Изобразительное искусство  |2 stltpush  |3 (RuTPU)RU\TPU\subj\12291  |9 39102 
610 1 |a советское изобразительное искусство 
610 1 |a декоративно-прикладное искусство 
610 1 |a театрально-декорационное искусств 
610 1 |a кинодекорационное искусство советское 
610 1 |a выставки 
610 1 |a альбомы 
675 |a 73/76(47+57)(064)(47+57-25)  |z rus 
686 |a 85.103(2)7  |2 rubbk 
701 1 |a Андреева  |b Л. В.  |4 220 
701 1 |a Прокофьева  |b Н. Г.  |4 220 
701 1 |a Романова  |b Л. Ф.  |4 220 
701 1 |a Яковлева  |b Н. И.  |4 220 
702 1 |a Андреева  |b Людмила Валериановна  |4 070 
801 0 |a RU  |b RuMRKP  |c 19950704  |g psbo 
801 1 |a RU  |b 63413507  |c 20150622 
801 2 |a RU  |b 63413507  |c 20190911  |g RCR 
942 |c BK